00718cam a2200205 a 4500020002800000082003200028100001700060245005300077250001200130260005500142300003600197526003700233526003700270650002800307650003300335650000800368700001600376856005500392856006500447 a0471976776 (alk. paper)00a621.3191bWEEcL-NUST, P-271 aWeedy, B. M.10aElectric power systems /cB.M. Weedy, B.J. Cory. a4th ed. aChichester ;aNew York :bJohn Wiley Sons,cc1998. axviii, 545 p. :bill. ;c24 cm. a0b0c0d621_319100000000000_WEE a0b0c0d621_319100000000000_WEE 0aElectric power systems. 0aElectric power transmission. 0aMCE12aCory, B. J.4 uhttp://www.loc.gov/catdir/toc/onix04/97044411.html42uhttp://www.loc.gov/catdir/description/wiley033/97044411.html